| 000 | 00876cam a2200301 a 4500 | ||
|---|---|---|---|
| 001 | 2084919 | ||
| 003 | OSt | ||
| 005 | 20140310181711.0 | ||
| 008 | 950817s1994 ph 000 0 tgl | ||
| 010 | _a 94942379 | ||
| 020 | _a9715550207 | ||
| 040 |
_aDLC _cDLC _dDLC |
||
| 042 | _alcode | ||
| 050 | 0 | 0 |
_aPL 6058.8 _b.B621 1994 |
| 082 |
_aFIL 800 _bB47 1995 |
||
| 100 | 1 | _aBisa, Simplicio P. | |
| 245 | 1 | 0 |
_aUmaga sa dapithapon at iba pang akdâ / _cSimplicio P. Bisa. |
| 260 |
_aManila, Philippines : _bDe La Salle University Press, _c1994. |
||
| 300 |
_aviii, 144 p. : _c22 cm. |
||
| 500 | _aShort stories. | ||
| 546 | _aIn Tagalog. | ||
| 562 | _e1 | ||
| 650 | 0 | _aShort stories, Tagalog. | |
| 906 |
_a7 _bcbc _corigode _d4 _encip _f19 _gy-gencatlg |
||
| 942 |
_2lcc _cBK |
||
| 999 |
_c1570 _d1570 |
||